| 000 | 00613cam a2200217ua 4500 | ||
|---|---|---|---|
| 001 | 6841 | ||
| 005 | 20260515114120.0 | ||
| 008 | 140219n ii |||gr||||Z||||||eng | ||
| 040 | _cMAIN | ||
| 082 | _a338.7 | ||
| 245 |
_aBusiness organisation and commercial practice _cBy S.S. Sarkar |
||
| 260 |
_aLudhiana: _bKalyani publishers, _c1996. |
||
| 300 | _ax,408p. | ||
| 653 | _aCommerce | ||
| 653 | _aBusiness organisation and commercial practice | ||
| 700 |
_aSarkar,S.S., _eAuthor., |
||
| 700 | 1 |
_aSharma,R.K., _eAuthor. |
|
| 700 | 1 |
_aGupta,Shashi K., _eAuthor. |
|
| 700 | 1 |
_aNayar,Sushil, _eAuthor. |
|
| 942 | _cBK | ||
| 999 |
_c5984 _d5984 |
||